Sports Quiz

Random Sports or City Quiz
Score 0/150 Timer 20:00
0 Plays Today
Hint Player % Correct
Boston Celtics PG - Melbourne/Victoria/AustraliaKyrie Irving
90.4%
Atlanta Hawks PG - Lubbock/Texas/USATrae Young
88.5%
Houston Rockets SG - Los Angeles/California/USAJames Harden
84.6%
Golden State Warriors PG - Akron/Ohio/USAStephen Curry
82.7%
Golden State Warriors SG - Los Angeles/California/USAKlay Thompson
82.7%
Los Angeles Lakers SF - Akron/Ohio/USALeBron James
82.7%
Cleveland Cavaliers C - Toronto/Ontario/CanadaTristan Thompson
82.7%
Boston Celtics SF - Brownsburg/Indiana/USAGordon Hayward
82.7%
Boston Celtics PF - Saint Louis/Missouri/USAJayson Tatum
82.7%
Charlotte Hornets PG - Bronx/New York/USAKemba Walker
80.8%
Boston Celtics C - Puerto Plata/Dominican RepublicAl Horford
80.8%
Golden State Warriors SF - Washington/D.C./USAKevin Durant
78.8%
Houston Rockets PG - Winston-Salem/North Carolina/USAChris Paul
78.8%
Brooklyn Nets PG - Louisville/Kentucky/USAD'Angelo Russell
76.9%
Detroit Pistons PF - Oklahoma City/Oklahoma/USABlake Griffin
76.9%
Golden State Warriors PF - Saginaw/Michigan/USADraymond Green
76.9%
Indiana Pacers SG - Silver Spring/Maryland/USAVictor Oladipo
76.9%
Boston Celtics SG - Marietta/Georgia/USAJaylen Brown
76.9%
Denver Nuggets C - Sombor/SerbiaNikola Jokic
75%
Houston Rockets C - Geneva/SwitzerlandClint Capela
75%
Dallas Mavericks C - Houston/Texas/USADeAndre Jordan
73.1%
Los Angeles Lakers PG - Anaheim/California/USALonzo Ball
73.1%
Chicago Bulls SG - Renton/Washington/USAZach Lavine
73.1%
Dallas Mavericks PG - Fayetteville/North Carolina/USADennis Smith
71.2%
Dallas Mavericks SG - Ljubljana/SloveniaLuka Doncic
71.2%
Dallas Mavericks PF - Würzburg/GermanyDirk Nowitzki
71.2%
Denver Nuggets SG - Fishers/Indiana/USAGary Harris
71.2%
Detroit Pistons PG - Pordenone/ItalyReggie Jackson
71.2%
Los Angeles Clippers SF - Islip/New York/USATobias Harris
71.2%
Memphis Grizzlies PG - Fayetteville/Arkansas/USAMike Conley
71.2%
Memphis Grizzlies PF - Plainfield/New Jersey/USAJaren Jackson
71.2%
Memphis Grizzlies C - Barcelona/SpainMarc Gasol
71.2%
San Antonio Spurs C - Barcelona/SpainPau Gasol
71.2%
Phoenix Suns PF - San Diego/California/USA Josh Jackson
71.2%
Los Angeles Lakers PF - Kinston/North Carolina/USABrandon Ingram
71.2%
Cleveland Cavaliers SG - Freehold Borough/New Jersey/USAJR Smith
71.2%
Atlanta Hawks PF - Layton/Utah/USAJohn Collins
71.2%
Denver Nuggets PG - Kitchener/Ontario/CanadaJamal Murray
69.2%
Detroit Pistons C - Mount Vernon/New York/USAAndre Drummond
69.2%
Golden State Warriors C - Mobile/Alabama/USADeMarcus Cousins
69.2%
Indiana Pacers C - Bedford/Texas/USAMyles Turner
69.2%
Miami Heat PG - Ljubljana/SloveniaGoran Dragic
69.2%
Milwaukee Bucks PF - Athens/GreeceGiannis Antetokounmpo
69.2%
Milwaukee Bucks C - North Hollywood/California/USABrook Lopez
69.2%
New Orleans Pelicans C - Chicago/Illinois/USAAnthony Davis
69.2%
Oklahoma City Thunder PG - Long Beach/California/USARussell Westbrook
69.2%
San Antonio Spurs PG - Seattle/Washington/USADejounte Murray
69.2%
Cleveland Cavaliers PG - Marietta/Georgia/USACollin Sexton
67.3%
Indiana Pacers SF - Mostar/Bosnia and HerzegovinaBojan Bogdanovic
67.3%
New Orleans Pelicans SG - Chatsworth/California/USAJrue Holiday
67.3%
Hint Player % Correct
Sacramento Kings SF - Belgrade/SerbiaBogdan Bogdanovic
67.3%
Miami Heat C - Gastonia/North Carolina/USAHassan Whiteside
67.3%
Cleveland Cavaliers PF - Santa Monica/California/USAKevin Love
67.3%
Charlotte Hornets PF - Lisieux/FranceNicolas Batum
67.3%
Houston Rockets SF - Raleigh/North Carolina/USAP.J. Tucker
65.4%
Oklahoma City Thunder SF - Palmdale/California/USaPaul George
65.4%
Oklahoma City Thunder C - Rotorua/New ZealandSteven Adams
65.4%
Philadelphia 76ers SF - Houston/Texas/USAJimmy Butler
65.4%
Los Angeles Lakers C - Flint/Michingan/USAJaVale McGee
65.4%
Dallas Mavericks SF - Ames/Iowa/USAHarrison Barnes
63.5%
Houston Rockets PF - São Carlos/BrazilNene
63.5%
Milwaukee Bucks PG - Birmingham/Alabama/USAEric Bledsoe
63.5%
Philadelphia 76ers PF - Melbourne/Victoria/AustraliaBen Simmons
63.5%
Portland Trail Blazers PG - Oakland/California/USADamian Lillard
63.5%
New York Knicks PF - Liepaja/LatviaKristaps Porzingis
63.5%
Chicago Bulls C - Atlanta/Georgia/USAWendell Carter
63.5%
Brooklyn Nets C - San Diego/California/USAJarrett Allen
63.5%
Chicago Bulls PG - New London/Connecticut/USAKris Dunn
61.5%
Minnesota Timberwolves PG - Chicago/Illinois/USADerrick Rose
61.5%
Philadelphia 76ers C - Yaoundé/CameroonJoel Embiid
61.5%
Phoenix Suns SG - Grand Rapids/Michigan/USADevin Booker
61.5%
Chicago Bulls PF - Vantaa/FinlandLauri Markkanen
61.5%
Brooklyn Nets SG - Los Angeles/California/USASpencer Dinwiddie
61.5%
Atlanta Hawks SG - Kelford/North Carolina/USAKent Bazemore
59.6%
Denver Nuggets PF - Monroe/Louisiana/USAPaul Millsap
59.6%
Milwaukee Bucks SF - Charleston/South Carolina/USAKhris Middleton
59.6%
Minnesota Timberwolves SG - Toronto/Ontario/CanadaAndrew Wiggins
59.6%
Sacramento Kings PG - New Orleans/Louisiana/USADe'Aaron Fox
59.6%
Toronto Raptors SG - Los Angeles/California/USAKawhi Leonard
59.6%
Cleveland Cavaliers SF - Ohrid/Republic of MacedoniaCedi Osman
59.6%
Atlanta Hawks SF - San Marcos/Texas/USATaurean Prince
59.6%
Portland Trail Blazers SG - Canton/Ohio/USACJ McCollum
57.7%
Portland Trail Blazers C - Tuzla/Bosnia and HerzegovinaJusuf Nurkic
57.7%
San Antonio Spurs SG - Compton/California/USADeMar DeRozan
57.7%
Toronto Raptors PG - Philadelphia/Pennsylvania/USAKyle Lowry
57.7%
Washington Wizards PG - Raleigh/North Carolina/USAJohn Wall
57.7%
Utah Jazz C - Saint-Quentin/FranceRudy Gobert
57.7%
New York Knicks C - Zürich/SwitzerlandEnes Kanter
57.7%
Chicago Bulls SF - Chicago/Illinois/USAJabari Parker
57.7%
Atlanta Hawks C - Lancaster/California/USADewayne Dedmon
57.7%
Philadelphia 76ers SG - Cookeville/Tennessee/USAJJ Redick
55.8%
Washington Wizards SG - Saint Louis/Missouri/USABradley Beal
55.8%
Utah Jazz SG - Elmsford/New York/USADonovan Mitchell
55.8%
Phoenix Suns C - Nassau/BahamasDeAndre Ayton
55.8%
Orlando Magic PF - San Jose/California/USAAaron Gordon
55.8%
Detroit Pistons SG - Anaheim/California/USAStanley Johnson
53.8%
Los Angeles Clippers SG - Sant'Angelo Lodigiano/ItalyDanilo Gallinari
53.8%
Milwaukee Bucks SG - Atlanta/Georgia/USAMalcolm Brogdon
53.8%
Los Angeles Lakers SG - Silver Spring/Maryland/USAJosh Hart
53.8%
Denver Nuggets SF - Madrid/SpainJuancho Hernangomez
51.9%
Hint Player % Correct
Minnesota Timberwolves PF - Sibenik/CroatiaDario Saric
51.9%
San Antonio Spurs PF - Dallas/Texas/USALaMarcus Aldridge
51.9%
Washington Wizards SF - Saint Louis/Missouri/USAOtto Porter
51.9%
Utah Jazz SF - Adelaide/South AustraliaJoe Ingles
51.9%
Sacramento Kings SG - Freeport/BahamasBuddy Hield
51.9%
New York Knicks SF - Phoenix/Arizona/USAKevin Knox
51.9%
Minnesota Timberwolves C - Edison/New Jersey/USAKarl Anthony-Towns
51.9%
Charlotte Hornets C - Madrid/SpainWilly Hernangomez
51.9%
Detroit Pistons SF - Baltimore/Maryland/USAReggie Bullock
50%
Los Angeles Clippers C - Boljevac/SerbiaBoban Marjanovic
50%
Minnesota Timberwolves SF - Bellwood/Illinois/USARobert Covington
50%
Washington Wizards C - Atlanta/Georgia/USADwight Howard
50%
Toronto Raptors C - Utena/LithuaniaJonas Valanciunas
50%
Orlando Magic SG - Saint-Maurice/FranceEvan Fournier
50%
Memphis Grizzlies SG - Mississauga/Ontario/CanadaDillon Brooks
48.1%
New Orleans Pelicans SF - Titograd/MontenegroNikola Mirotic
48.1%
Utah Jazz PG - El Masnou/Catalonia/SpainRicky Rubio
48.1%
Toronto Raptors PF - Brazzaville/Republic of the CongoSerge Ibaka
48.1%
Los Angeles Clippers PF - Tarboro/North Carolina/USAMontrezl Harrell
46.2%
New Orleans Pelicans PG - Gretna/Louisiana/USAElfryd Payton
46.2%
New Orleans Pelicans PF - Dallas/Texas/USAJulius Randle
46.2%
Toronto Raptors SF - Douala/CameroonPascal Siakam
46.2%
Brooklyn Nets SF - Columbus/Ohio/USACaris LeVert
46.2%
Brooklyn Nets PF - Chester/Pennsylvania/USARondae Hollis-Jefferson
46.2%
Indiana Pacers PF - Portland/Oregon/USADomantas Sabonis
44.2%
Oklahoma City Thunder SG - Las Cruces/New Mexico/USAAndre Roberson
44.2%
Washington Wizards PF - Philadelphia/Pennsylvania/USAMarkieff Morris
42.3%
Miami Heat SG - Chicago/Illinois/USADwyane Wade
42.3%
Orlando Magic PG - New Orleans/Louisiana/USAD.J. Augustin
40.4%
San Antonio Spurs SF - Brooklyn/New York/USARudy Gay
40.4%
Sacramento Kings PF - Tempe/Arizona/USAMarvin Bagley
40.4%
Sacramento Kings C - Spearville/Kansas/USAWillie Cauley-Stein
40.4%
Charlotte Hornets SG - Jonesboro/Arkansas/USAMalik Monk
38.5%
Orlando Magic C - Harlem/New York/USAMohamed Bamba
36.5%
Miami Heat SF - Houston/Texas/USAJustise Winslow
36.5%
Indiana Pacers PG - Chester/Pennsylvania/USATyreke Evans
34.6%
Philadelphia 76ers PG - Pittsburgh/Pennsylvania/USAT.J. McConnell
34.6%
Utah Jazz PF - Villa Rica/Georgia/USAJae Crowder
34.6%
Phoenix Suns SF - Durham/North Carolina/USATJ Warren
34.6%
Los Angeles Clippers PG - Toronto/Ontario/CanadaShai Gilgeous-Alexander
32.7%
New York Knicks PG - Kinshasa/Zaire/Democratic Republic of the CongoEmmanuel Mudiay
32.7%
Portland Trail Blazers SF - Atlanta/Georgia/USAAl-Farouq Aminu
32.7%
Memphis Grizzlies SF - New York City/New York/USAKyle Anderson
25%
Orlando Magic SF - Portland/Oregon/USATerrence Ross
25%
Miami Heat PF - Newark/New Jersey/USABam Adebayo
25%
Charlotte Hornets SF - Flint/Michigan/USAMiles Bridges
25%
Oklahoma City Thunder PF - Malden/Massachussetts/USANerlens Noel
19.2%
New York Knicks SG - Seattle/Washington/USAAllonzo Trier
17.3%
Portland Trail Blazers PF - Norwood/Massachussetts/USAJake Layman
11.5%
Phoenix Suns PG - Seattle/Washington/USAJamal Crawford
7.7%
Remove Ads.
Support Sporcle.
Get the best of Sporcle when you Go Orange. This ad-free experience offers more features, more stats, and more fun while also helping to support Sporcle. Thank you for becoming a member.

You're not logged in!

Compare scores with friends on all Sporcle quizzes.
OR
Log In

Show Comments

Extras

Created Dec 26, 2018ReportNominate
Tags:City Quiz, NBA Quiz, Born, KOT4Q, Player

Top Quizzes Today


Score Distribution

Your Account Isn't Verified!

In order to create a playlist on Sporcle, you need to verify the email address you used during registration. Go to your Sporcle Settings to finish the process.

Report this User

Report this user for behavior that violates our Community Guidelines.

Details: